|
|
|
|
| LEADER |
01239nam a2200277 a 4500 |
| 001 |
1649734 |
| 008 |
091220s1996 bg a b f000 0 eng d |
| 010 |
|
|
|a 96904754
|
| 020 |
|
|
|a 9845100058
|
| 040 |
|
|
|a DLC
|c DLC
|d BD-DhAAL
|
| 082 |
0 |
0 |
|a 338.0954922
|2 21
|
| 100 |
1 |
|
|a Khan, Amanat Ullah.
|
| 245 |
1 |
0 |
|a Entrepreneurial process in Bangladesh :
|b a study of industrial location decision-making in Dhaka City /
|c Amanat Ullah Khan.
|
| 260 |
|
|
|a Dhaka :
|b Urban Studies Programme, Dept. of Geography, University of Dhaka,
|c 1996.
|
| 300 |
|
|
|a 184 p. :
|b ill. ;
|c 23 cm.
|
| 490 |
0 |
|
|a Bangladesh urban studies series ;
|v no. 2
|
| 500 |
|
|
|a Based on the author's thesis (Ph. D.--Kent State University).
|
| 504 |
|
|
|a Includes bibliographical references (p. [169]-184).
|
| 541 |
1 |
|
|e 00005650
|
| 650 |
|
0 |
|a Industrial location
|z Bangladesh
|z Dhaka.
|
| 650 |
|
0 |
|a Investments
|z Bangladesh
|z Dhaka.
|
| 650 |
|
0 |
|a Industrialization
|z Bangladesh
|z Dhaka.
|
| 710 |
2 |
|
|a University of Dhaka.
|b Urban Studies Programme.
|
| 852 |
4 |
|
|a Ayesha Abed Library
|j General Shelf.
|
| 999 |
|
|
|c 6317
|d 6317
|
| 952 |
|
|
|0 0
|1 0
|2 ddc
|4 0
|6 338_095492200000000_KHA_1996
|7 0
|9 6367
|a BRACUL
|b BRACUL
|c GEN
|d 2009-12-23
|g 237.00
|l 0
|o 338.0954922 KHA
|p 3010005650
|r 2009-12-23
|t 1
|w 2009-12-23
|y BK
|